=LDR 00000nam 2200000 4500 =001 INLIS000000000032018 =005 20251127033732 =035 ##$$a 0010-061300000032018 =008 251127################g##########0#ind## =041 ##$$a ind =082 ##$$a R. 343.05 =090 ##$$a 343.05, Ind h =245 1#$$a Himpunan Peraturan Perundang-undangan : $b Undang-undang Pajak Penghasilan =260 ##$$a Bandung :$b Fokusmedia,$c 2008 =300 ##$$a vi, 529 hlm., 21 cm ; $c 21 x 11 cm =650 #4$$a Hukum Pajak - Undang-undang =850 ##$$a NBPNMAT =020 ##$$a 978-602-8189-37-8 =084 ##$$a R. 343.05 IND h =100 #$$a Indonesia =250 ##$$a Cet 1 =990 ##$$a 01780178 =990 ##$$a 01780178 =990 ##$$a 2100340 =990 ##$$a 1201001996 =990 ##$$a 2100339 =990 ##$$a 2100340